02479nam a2200649 i 450000100060000000300090000600500170001500800390003201500180007102000320008903500230012103500360014403500140018003500200019403500170021403500230023103500440025404000280029804100130032604600090033908000100034810000290035824502730038724600920066025000150075226000560076730000780082333600270090133700540092833800280098238000160101038000270102638000230105338800140107638800140109050400490110465000170115365000190117065000200118965000310120965000290124065000280126965000280129765000230132565000240134865500210137265500220139365800160141570000360143170000350146770000390150270000360154170000510157771000410162871000620166985600980173128459KOSZ 00520220530135617.0220525s1984 pl ad f f 001 0 pol aUWD 1986/2079 a8301046899q(oprawa twarda) a991007581859705066 a(PL-WaBN)b11966026-48omnis_nlop ab11966026 a(OCoLC)69505766 azz2003822683 a(PL)b0000001196602 a(EXLNZ-48OMNIS_NETWORK)9910172891905606 aWA NcWA NdKOSZ 005/RW1 apolheng k1972 a159.91 aLindsay, Peter H.eAutor10aProcesy przetwarzania informacji u człowieka :bwprowadzenie do psychologii /cPeter H. Lindsay, Donald A. Norman ; z oryginału angielskiego tłumaczył Artur Kowaliszyn, dodatki tłumaczyli Herbert Szafraniec (A) i Józef Radzicki (B) ; redaktor naukowy Ida Kurcz.1 iTytuł oryginalu:aHuman information processing :ban introduction to psychology,f1972 aWydanie I. aWarszawa :bPaństwowe Wydawnictwo Naukowe,c1984. a696 stron, [4] strony tablic :bfotografie, ilustracje, wykresy ;c25 cm. aTekstbtxt2rdacontent aBez urządzenia pośredniczącegobn2rdamedia aWoluminbnc2rdacarrier aKsiążki aPublikacje dydaktyczne aPublikacje naukowe1 a1901-20001 a1945-1989 aBibliografia na stronach [666]-689. Indeksy. 7aJęzyk2DBN 7aMotywacja2DBN 7aPamięć2DBN 7aPsychologia poznawcza2DBN 7aPercepcja słuchowa2DBN 7aPercepcja wzrokowa2DBN 7aRozwój poznawczy2DBN 7aUczenie się2DBN 7aUkład nerwowy2DBN 7aOpracowanie2DBN 7aPodręcznik2DBN aPsychologia1 aKowaliszyn, ArtureTłumaczenie1 aKurcz, Idad(1930- )eRedakcja1 aNorman, Donald A.d(1935- )eAutor1 aRadzicki, JózefeTłumaczenie1 aSzafraniec, Herbertd(1941-2013)eTłumaczenie2 aPaństwowe Wydawnictwo Naukowe4pbl2 aDrukarnia im. Rewolucji Październikowej (Warszawa)4prt uhttp://koha.tu.koszalin.pl/cgi-bin/koha/opac-detail.pl?biblionumber=28459yKatalog online BPK